000 00993nam0a22002531 4500
001 rc\3130968
005 20260407121919.0
021 _aRU
_bРг9145-76
021 _aRU
_b76-ОКЭ-101/31
035 _a(NLR Aleph) 007285225
090 _a5551700
_c5551700
100 _a20120615d1975 |||y0rusy50 ca
101 0 _arus
102 _aRU
105 _aa z |||||
200 1 _aПрограмма и методика эксплуатационных испытаний опытных поршневых колец судовых дизелей
_e9824
_fБалт. центр. проектно-конструкт. бюро
210 _a[Ленинград]
_cБ. и.
_d1975
215 _a26 л.
_cсхем.
_d29
712 0 2 _aБалтийское центральное проектно-конструкторское бюро
_cЛенинград
_3RU\NLR\AUTH\8810070723
_9643192
801 0 _aRU
_bNLR
_gpsbo
801 1 _aRU
_bELAR
_2rusmarc
852 _aNLR
_j76-8/951
942 _cBOOK
980 _aNB